<?xml version="1.0" encoding="UTF-8"?>
<marc:record xmlns:marc="http://www.loc.gov/MARC21/slim">
   <marc:leader>00000nam a2200000 a 4500</marc:leader>
   <marc:datafield ind1="1" ind2=" " tag="100">
      <marc:subfield code="a">Talbot, Roger R.</marc:subfield>
      <marc:subfield code="4">aut</marc:subfield>
      <marc:subfield code="e">Verfasser/-in</marc:subfield>
   </marc:datafield>
   <marc:datafield ind1="1" ind2=" " tag="100">
      <marc:subfield code="a">Försch, Christian</marc:subfield>
      <marc:subfield code="4">trl</marc:subfield>
      <marc:subfield code="e">Übersetzer/-in</marc:subfield>
   </marc:datafield>
   <marc:datafield ind1="1" ind2=" " tag="100">
      <marc:subfield code="a">Talbot, Roger R.</marc:subfield>
   </marc:datafield>
   <marc:datafield ind1=" " ind2=" " tag="653">
      <marc:subfield code="a">Softcover / Belletristik/Krimis</marc:subfield>
   </marc:datafield>
   <marc:datafield ind1=" " ind2=" " tag="653">
      <marc:subfield code="a">Thriller</marc:subfield>
   </marc:datafield>
   <marc:datafield ind1=" " ind2=" " tag="653">
      <marc:subfield code="a">Spionage</marc:subfield>
   </marc:datafield>
   <marc:datafield ind1="0" ind2="0" tag="245">
      <marc:subfield code="a">Die letzte Prophezeiung</marc:subfield>
   </marc:datafield>
   <marc:datafield ind1="0" ind2="0" tag="245">
      <marc:subfield code="b">Thriller</marc:subfield>
   </marc:datafield>
   <marc:datafield ind1="0" ind2="0" tag="245">
      <marc:subfield code="c">Roger R. Talbot. Ins Dt. übertr. von Christian Försch</marc:subfield>
   </marc:datafield>
   <marc:datafield ind1=" " ind2="1" tag="264">
      <marc:subfield code="a">Berlin</marc:subfield>
      <marc:subfield code="b">Rütten &amp; Loening</marc:subfield>
      <marc:subfield code="c">2009</marc:subfield>
   </marc:datafield>
   <marc:datafield ind1=" " ind2=" " tag="250">
      <marc:subfield code="a">1. Aufl.</marc:subfield>
   </marc:datafield>
   <marc:datafield ind1="1" ind2=" " tag="520">
      <marc:subfield code="a">Angaben aus der Verlagsmeldung

Die letzte Prophezeiung : Thriller / von Roger R. Talbot

Das Ende der Welt naht: Eine uralte, von einer geheimen Bruderschaft gehütete Schriftrolle. Ein fanatischer arabischer IT-Millionär, der alles daransetzt, eine jahrhundertealte Prophezeiung wahr werden zu lassen. Und ein ungleiches Paar

mit dem Auftrag, die Welt zu retten. Khoury meets Crichton!

David Brine, herausragender IT-Spezialist, wird in Dublin entführt. Kurz darauf stürzt ein berühmter Religionswissenschaftler aus dem Fenster eines Turiner Hotels. Einziges Bindeglied zwischen beiden: Liam Brine, Bruder des einen, Freund des anderen. Verfolgt von Interpol und den Schergen eines änigmatischen arabischen Millionärs, versucht Liam mit Davids Exfrau Alanna die Hintergründe der beiden Unglücksfälle aufzudecken. Ihre einzige Spur: eine seit dem Konzil von Nicäa geheim gehaltene Schriftrolle, die den wahren Text der Apokalypse – und das genaue Datum des Weltendes – enthalten soll. Und eine rätselhafte E-Mail von David mit dem Wortlaut: »Digitale Apokalypse".
</marc:subfield>
   </marc:datafield>
   <marc:datafield ind1=" " ind2=" " tag="020">
      <marc:subfield code="a">9783352007743</marc:subfield>
      <marc:subfield code="9">9783352007743</marc:subfield>
   </marc:datafield>
   <marc:datafield ind1=" " ind2=" " tag="041">
      <marc:subfield code="a">ger</marc:subfield>
   </marc:datafield>
   <marc:datafield ind1=" " ind2=" " tag="300">
      <marc:subfield code="a">463 S.</marc:subfield>
   </marc:datafield>
</marc:record>
